000
00316nam a2200133Ia 4500
008
150301s2015 xx 000 0 und d
082
_a
661.8
_b
P10D
100
_a
DHARUMAN, J
245
_a
PHARMACEUTICAL ORGANIC CHEMISTRY
260
_b
AITBS DELHI
300
_a
265
650
_a
PHARMACEUTICS
942
_2
ddc
_c
BK
_0
3
999
_c
7287
_d
7287